| 000 | 00939nam a2200241 i 4500 | ||
|---|---|---|---|
| 001 | 187101 | ||
| 003 | SpMaBN | ||
| 005 | 20260130135255.0 | ||
| 008 | 170417s1989 sp |||| |dspa d | ||
| 020 | _a84-7088-480-8 | ||
| 080 | _a929 Campomanes, Pedro Rodríguez, Conde de | ||
| 100 | 1 |
_aÁlvarez de Morales, Antonio, _d1942- _9162384 |
|
| 245 | 1 | 3 |
_aEl pensamiento político y jurídico de Campomanes / _cAntonio Álvarez de Morales. |
| 260 |
_aMadrid : _bInstituto Nacional de Administración Pública, _c1989. |
||
| 300 |
_a185 p. ; _c22 cm. |
||
| 490 | 1 |
_aHistoria de la Administración. _aAdministración general |
|
| 504 | _aReferencias bibliográficas. | ||
| 600 | 1 | 4 |
_aRodríguez Campomanes, Pedro, _d1723-1803 _998399 |
| 710 | 2 |
_aInstituto Nacional de Administración Pública (España) _95139 |
|
| 830 | 0 | 0 |
_aHistoria de la Administración _9231021 |
| 852 |
_aES-MaACL _jL-31423 |
||
| 999 |
_c187101 _d187101 |
||